banner-ar

نحو خبرات ارشادية افضل للعمل مع الاطفال : (Record no. 60574)

MARC details
000 -الفاتح
حقل البيانات ثابتة الطول 01133nam a22002537a 4500
005 - وقت وتاريخ اخر تعامل مع التسجيلة
رقم الضبط 20240530110417.0
008 - عناصر البيانات ثابتة الطول - معلومات عامة
حقل البيانات ثابتة الطول 150308s2010 ua g 000 0 ara d
017 ## - رقم الايداع القانونى
رقم الايداع القانونى 2007/17159
المصدر ( الهيئة المختصة) مصر . دار الكتب المصرية
020 ## - الرقم الدولى المعيارى للكتب
الرقم الدولى المعيارى للكتاب 9773681734
040 ## - مصدر الفهرسة
وكالة الفهرسة الأصلية EG-CaGPL
082 04 - رقم تصنيف ديوى العشرى
رقم الطبعة 21
رقم التصنيف 372.218\
رقم المادة هـ ن
100 1# - المدخل الرئيسى - إسم شخصى
الإسم الشخصى هير ، جودى
245 10 - بيان العنوان
العنوان نحو خبرات ارشادية افضل للعمل مع الاطفال :
بقية العنوان فنية : قصصية : درامية : موسيقية وحركية : دراسات اجتماعية : تغذية : رحلات /
بيان المسئوليه,etc تاليف جودى هير ؛ ترجمة هالة ابراهيم الجروانى ، انشراح ابراهيم المشرفى
260 ## - PUBLICATION, DISTRIBUTION, ETC. (IMPRINT)
تاريخ النشر أو التوزيع 2010
300 ## - الوصف المادى
التعداد 263 ص ؛
أبعاد الوعاء 24 سم
650 04 - المدخل الاضافى بالموضوع-مصطلح موضوعى
مصطلح موضوعي رياض الاطفال
650 04 - المدخل الاضافى بالموضوع-مصطلح موضوعى
مصطلح موضوعي رياض الاطفال
التقسيم الفرعي العام رحلات
650 04 - المدخل الاضافى بالموضوع-مصطلح موضوعى
مصطلح موضوعي رياض الاطفال
التقسيم الفرعي العام قصص
650 04 - المدخل الاضافى بالموضوع-مصطلح موضوعى
مصطلح موضوعي رياض الاطفال
التقسيم الفرعي العام تعليم
-- موسيقى
650 04 - المدخل الاضافى بالموضوع-مصطلح موضوعى
مصطلح موضوعي مدارس الحضانة
650 04 - المدخل الاضافى بالموضوع-مصطلح موضوعى
مصطلح موضوعي تعليم الاطفال
650 04 - المدخل الاضافى بالموضوع-مصطلح موضوعى
مصطلح موضوعي الالعاب
942 ## - عناصر المدخل الإضافي( كوها)
مصدر التصنيف او مخطط الترفيف Dewey Decimal Classification
Koha [default] item type كتاب
260 ## - PUBLICATION, DISTRIBUTION, ETC. (IMPRINT)
-- الاسكندرية :
-- مؤسسة حورس ،
Holdings
حالة التراجع حالة الفقد حالة تلف ليس للاعارة المكان المؤقت الموقع الحالى تاريخ الاكتساب اجمالي اﻻعارات رقم الطلب الباركود تاريخ اخر مشاهدة تاريخ تفعيل السعر نوع وعاء كوها
        مكتبة القاهرة الكبرى مكتبة القاهرة الكبرى 03/08/2015   372.218\ هـ ن 159670 03/08/2015 03/08/2015 كتاب

Powered By

EGPV